000 00294nam a22000977a 4500
005 20250901165245.0
008 210301b ||||| |||| 00| 0 eng d
050 _aQD43 .M55
245 _aMicroscale experiments for general chemistry
_cMILLS, JERRY L.
942 _2lcc
_hQD43 .M55 1991
999 _c1112
_d1112